Diam² ubi berisi : (Record no. 192124)
[ view plain ]
| 000 -LEADER | |
|---|---|
| fixed length control field | 01069cam a22003011i 4500 |
| 001 - CONTROL NUMBER | |
| control field | on1416598442 |
| 003 - CONTROL NUMBER IDENTIFIER | |
| control field | OCoLC |
| 005 - DATE AND TIME OF LATEST TRANSACTION | |
| control field | 20250307100941.0 |
| 008 - FIXED-LENGTH DATA ELEMENTS--GENERAL INFORMATION | |
| fixed length control field | 250305s2021 my ||||| |||| 00| j may d |
| 020 ## - INTERNATIONAL STANDARD BOOK NUMBER | |
| International Standard Book Number | 9789671934715 |
| Qualifying information | paperback |
| 040 ## - CATALOGING SOURCE | |
| Original cataloging agency | BNM |
| Language of cataloging | eng |
| Transcribing agency | BNM |
| Description conventions | rda |
| Modifying agency | MY-SjTCS |
| 041 0# - LANGUAGE CODE | |
| Language code of text/sound track or separate title | may |
| -- | eng |
| 082 04 - DEWEY DECIMAL CLASSIFICATION NUMBER | |
| Classification number | 808 |
| Item number | DIA 2021 |
| 245 00 - TITLE STATEMENT | |
| Title | Diam² ubi berisi : |
| Remainder of title | creative writing collection / |
| Statement of responsibility, etc. | illustrations : Jeysin Heng and Ooi Hui Qi. |
| 250 ## - EDITION STATEMENT | |
| Edition statement | First edition : March 2021. |
| 264 #1 - PRODUCTION, PUBLICATION, DISTRIBUTION, MANUFACTURE, AND COPYRIGHT NOTICE | |
| Place of production, publication, distribution, manufacture | Kuala Lumpur : |
| Name of producer, publisher, distributor, manufacturer | Asia School of Business, |
| Date of production, publication, distribution, manufacture, or copyright notice | [2021] |
| 300 ## - PHYSICAL DESCRIPTION | |
| Extent | 138 pages ; |
| Dimensions | 25 cm |
| 336 ## - CONTENT TYPE | |
| Content type term | text |
| Source | rdacontent |
| 337 ## - MEDIA TYPE | |
| Media type term | unmediated |
| Source | rdamedia |
| 338 ## - CARRIER TYPE | |
| Carrier type term | volume |
| Source | rdacarrier |
| 500 ## - GENERAL NOTE | |
| General note | "Stories of the pandemic and entrepreneurship by Malaysian youth"--Cover. |
| 546 ## - LANGUAGE NOTE | |
| Language note | Text in Malay and English. |
| 650 #0 - SUBJECT ADDED ENTRY--TOPICAL TERM | |
| Topical term or geographic name entry element | Creative writing |
| 9 (RLIN) | 211440 |
| 700 1# - ADDED ENTRY--PERSONAL NAME | |
| Personal name | Jeysin, Heng, |
| Relator term | illustrator. |
| 9 (RLIN) | 308397 |
| 700 1# - ADDED ENTRY--PERSONAL NAME | |
| Personal name | Ooi, Hui Qi, |
| Relator term | illustrator. |
| 9 (RLIN) | 308398 |
| 920 ## - Programme | |
| Programme | SLAS : 338341 |
| Withdrawn status | Lost status | Source of classification or shelving scheme | Damaged status | Not for loan | Home library | Current library | Date acquired | Serial Enumeration / chronology | Total Checkouts | Barcode | Date last seen | Date last checked out | Price effective from | Koha item type | Public note |
|---|---|---|---|---|---|---|---|---|---|---|---|---|---|---|---|
| Dewey Decimal Classification | Taylor's Library-TU | Taylor's Library-TU | 27/02/2025 | Complimentary from: Jeypraba a/p Veerapan, 30 May 2023 | 3 | 5000177156 | 16/06/2026 | 16/06/2026 | 27/02/2025 | Main Collection | SLASx,91607,01,AD |